[Event "Mid Bohemia Region-chT 2223"]
[Site "Czech Republic"]
[Date "2022.10.09"]
[Round "1.2"]
[White "Tesar, Patrik"]
[Black "Otruba, Marek"]
[Result "1-0"]
[WhiteElo "2057"]
[BlackElo "1955"]
[PlyCount "73"]
[EventDate "2022.10.09"]
[EventType "team-tourn"]
[EventRounds "11"]
[EventCountry "CZE"]
[SourceTitle "EXT 2024"]
[Source "ChessBase"]
[SourceDate "2023.10.10"]
[SourceVersion "1"]
[SourceVersionDate "2023.10.10"]
[SourceQuality "1"]
[WhiteTeam "Nymburk Sokol"]
[BlackTeam "Ricany III"]
[WhiteTeamCountry "CZE"]
[BlackTeamCountry "CZE"]

1. d4 d5 2. Nf3 Nf6 3. Bg5 h6 4. Bh4 e6 5. e3 Be7 6. c4 0-0 7. Nc3 b6 8. Bd3 Bb7 9. Rc1 Nbd7 10. 0-0 g5 11. Bg3 Ne4 12. cxd5 exd5 13. Nd2 f5 14. Ncxe4 dxe4 15. Bxc7 Qe8 16. Bb5 a6 17. Bxd7 Qxd7 18. Bxb6 Bd5 19. Bc5 Rae8 20. Bxe7 Rxe7 21. Nc4 Bxc4 22. Rxc4 f4 23. Qh5 fxe3 24. fxe3 Rxf1+ 25. Kxf1 Qe6 26. Qe2 g4 27. b3 a5 28. Rc5 Rg7 29. Kg1 h5 30. Qc4 Qxc4 31. Rxc4 g3 32. hxg3 Rxg3 33. Kf2 h4 34. Rc8+ Kf7 35. Rh8 Rg4 36. a4 Kg6 37. Rg8+ 1-0

[Event "Valasska Bystrice op 13th"]
[Site "Valasska Bystrice"]
[Date "2022.09.16"]
[Round "8"]
[White "Uhlir, Jiri"]
[Black "Otruba, Marek"]
[Result "0-1"]
[WhiteElo "1824"]
[BlackElo "1970"]
[PlyCount "98"]
[EventDate "2022.09.10"]
[EventType "swiss"]
[EventRounds "9"]
[EventCountry "CZE"]
[SourceTitle "CBM 210 Extra"]
[Source "ChessBase"]
[SourceDate "2022.11.30"]
[SourceVersion "1"]
[SourceVersionDate "2022.11.30"]
[SourceQuality "1"]

1. e4 c5 2. Nf3 d6 3. d4 cxd4 4. Nxd4 Nf6 5. Nc3 g6 6. Bc4 Bg7 7. f3 0-0 8. Be3 Nc6 9. Qd2 Bd7 10. 0-0-0 Rc8 11. h4 Nxd4 12. Qxd4 Ng4 13. Bxf7+ Rxf7 14. Qd2 Nxe3 15. Qxe3 Qa5 16. Rd3 Qc5 17. Qxc5 Rxc5 18. Rd5 Rxd5 19. Nxd5 Be6 20. Nb4 Rf8 21. h5 Bc4 22. hxg6 hxg6 23. Nd3 Bd4 24. Kd2 Bb5 25. c3 Bc5 26. Nc1 Kg7 27. b3 Rh8 28. Rxh8 Kxh8 29. a4 Bd7 30. Nd3 Kg7 31. b4 Bb6 32. a5 Bd8 33. e5 Bf5 34. exd6 Bxd3 35. dxe7 Bxe7 36. Kxd3 Kf6 37. Kd4 Ke6 38. g4 Bf6+ 39. Kd3 Ke5 40. c4 Kf4 41. b5 Bd8 42. b6 axb6 43. axb6 Bxb6 44. Ke2 Bc5 45. Kd2 Kxf3 46. g5 Kf4 47. Kc3 Kxg5 48. Kb3 Kf5 49. Ka4 Ke5 0-1

[Event "Valasska Bystrice op 13th"]
[Site "Valasska Bystrice"]
[Date "2022.09.11"]
[Round "2"]
[White "Vaculik, Jakub"]
[Black "Otruba, Marek"]
[Result "1/2-1/2"]
[WhiteElo "2214"]
[BlackElo "1970"]
[PlyCount "55"]
[EventDate "2022.09.10"]
[EventType "swiss"]
[EventRounds "9"]
[EventCountry "CZE"]
[SourceTitle "CBM 210 Extra"]
[Source "ChessBase"]
[SourceDate "2022.11.30"]
[SourceVersion "1"]
[SourceVersionDate "2022.11.30"]
[SourceQuality "1"]

1. c4 e5 2. Nc3 Nf6 3. g3 c6 4. Bg2 d5 5. cxd5 cxd5 6. Qb3 Be6 7. Qxb7 Nbd7 8. Qb3 d4 9. Nd5 Nxd5 10. Bxd5 Rb8 11. Qf3 Qb6 12. Bxe6 Qxe6 13. d3 Bb4+ 14. Kf1 f5 15. Nh3 h6 16. e3 g5 17. Ng1 0-0 18. exd4 exd4 19. h4 f4 20. gxf4 g4 21. Qd1 Rbe8 22. Ne2 Qc6 23. Rg1 Qf3 24. Bd2 Ne5 25. Bxb4 Qh3+ 26. Rg2 Nf3 27. Ng3 Nh2+ 28. Kg1 1/2-1/2

[Event "Valasska Bystrice op 13th"]
[Site "Valasska Bystrice"]
[Date "2022.09.10"]
[Round "1"]
[White "Otruba, Marek"]
[Black "Oktavec, Ivan"]
[Result "1-0"]
[WhiteElo "1970"]
[BlackElo "1609"]
[PlyCount "69"]
[EventDate "2022.09.10"]
[EventType "swiss"]
[EventRounds "9"]
[EventCountry "CZE"]
[SourceTitle "CBM 210 Extra"]
[Source "ChessBase"]
[SourceDate "2022.11.30"]
[SourceVersion "1"]
[SourceVersionDate "2022.11.30"]
[SourceQuality "1"]

1. e4 e6 2. d4 d5 3. Nc3 dxe4 4. Nxe4 Nd7 5. Nf3 Ngf6 6. Bd3 Be7 7. 0-0 Nxe4 8. Bxe4 Nf6 9. Bd3 0-0 10. b3 c5 11. dxc5 Bxc5 12. Bb2 Be7 13. Qe2 Qc7 14. Rac1 Bd7 15. Ne5 Be8 16. Rfd1 Nd5 17. Qe4 g6 18. c4 Nf6 19. Qf3 Rc8 20. Bb1 Bc6 21. Qc3 Rfd8 22. Ng4 Rxd1+ 23. Rxd1 Rd8 24. Re1 Qf4 25. Nxf6+ Bxf6 26. Qxf6 Qxf6 27. Bxf6 Rd7 28. f3 b6 29. Be4 Bxe4 30. Rxe4 Kf8 31. Rd4 Ke8 32. Rxd7 Kxd7 33. Kf2 a6 34. Ke3 Kd6 35. Bd4 1-0

[Event "FISU World University"]
[Site "Tornelo INT"]
[Date "2020.10.28"]
[Round "9.25"]
[White "Arias Gonzalez, Felipe"]
[Black "Otruba, Marek"]
[Result "0-1"]
[WhiteElo "1343"]
[BlackElo "2017"]
[PlyCount "57"]
[EventDate "2020.10.26"]
[EventType "team-swiss (rapid)"]
[EventRounds "9"]
[EventCountry "NET"]
[SourceTitle "CBM 199 Extra"]
[Source "ChessBase"]
[SourceDate "2021.01.31"]
[SourceVersion "1"]
[SourceVersionDate "2021.01.31"]
[SourceQuality "1"]
[WhiteTeam "Chile IV"]
[BlackTeam "Czech Republic"]
[WhiteTeamCountry "CHI"]
[BlackTeamCountry "CZE"]

1. e4 c5 2. Nf3 d6 3. d4 cxd4 4. Nxd4 Nf6 5. Nc3 g6 6. Be3 Bg7 7. Bc4 0-0 8. Bb3 Nc6 9. f3 Bd7 10. Qd2 Rc8 11. 0-0-0 Nxd4 12. Bxd4 b5 13. h4 a5 14. a3 b4 15. axb4 axb4 16. Nd5 Nxd5 17. Bxg7 Kxg7 18. Qxd5 Kg8 19. h5 Be6 20. Qd3 Bxb3 21. Qxb3 Qa5 22. hxg6 hxg6 23. f4 Rc5 24. g4 Rfc8 25. Rh2 Qa1+ 26. Kd2 Rxc2+ 27. Qxc2 Rxc2+ 28. Kxc2 b3+ 29. Kd2 0-1

[Event "FISU World University"]
[Site "Tornelo INT"]
[Date "2020.10.27"]
[Round "4.10"]
[White "Curatolo, Nicolas Matias"]
[Black "Otruba, Marek"]
[Result "0-1"]
[WhiteElo "1665"]
[BlackElo "2017"]
[PlyCount "44"]
[EventDate "2020.10.26"]
[EventType "team-swiss (rapid)"]
[EventRounds "9"]
[EventCountry "NET"]
[SourceTitle "CBM 199 Extra"]
[Source "ChessBase"]
[SourceDate "2021.01.31"]
[SourceVersion "1"]
[SourceVersionDate "2021.01.31"]
[SourceQuality "1"]
[WhiteTeam "Argentina III"]
[BlackTeam "Czech Republic"]
[WhiteTeamCountry "ARG"]
[BlackTeamCountry "CZE"]

1. d4 d5 2. c4 e6 3. Nc3 Nf6 4. cxd5 exd5 5. Bg5 Be7 6. e3 c6 7. Bd3 0-0 8. Qc2 Nbd7 9. Nf3 Re8 10. 0-0 Nf8 11. Rab1 g6 12. b4 a6 13. a4 Ne6 14. Bh4 Ng7 15. b5 Bf5 16. bxc6 bxc6 17. Bg3 Rc8 18. Rfc1 Qa5 19. h3 c5 20. Bxf5 Nxf5 21. Bh2 cxd4 22. exd4 Ne4 0-1

[Event "Ricany op"]
[Site "Ricany"]
[Date "2020.08.27"]
[Round "7"]
[White "Ocelak, Jakub"]
[Black "Otruba, Marek"]
[Result "1/2-1/2"]
[WhiteElo "1949"]
[BlackElo "2079"]
[PlyCount "49"]
[EventDate "2020.08.22"]
[EventType "swiss"]
[EventRounds "9"]
[EventCountry "CZE"]
[SourceTitle "CBM 198 Extra"]
[Source "ChessBase"]
[SourceDate "2020.11.30"]
[SourceVersion "1"]
[SourceVersionDate "2020.11.30"]
[SourceQuality "1"]

1. b3 a5 2. Nf3 Nf6 3. c4 g6 4. Bb2 Bg7 5. e3 0-0 6. Be2 d6 7. d3 c6 8. a3 Na6 9. Nbd2 e5 10. Qc2 h6 11. h3 Qc7 12. 0-0 Nh7 13. Bc3 f5 14. b4 g5 15. Nh2 f4 16. Nb3 Nf6 17. Qd2 axb4 18. axb4 Bf5 19. Ra5 Qd7 20. Ng4 Rfe8 21. b5 Nc7 22. bxc6 bxc6 23. Ra7 Rac8 24. Nxf6+ Bxf6 25. Ra5 1/2-1/2

[Event "Ricany op"]
[Site "Ricany"]
[Date "2020.08.25"]
[Round "5"]
[White "Elias, Jakub"]
[Black "Otruba, Marek"]
[Result "1-0"]
[WhiteElo "1937"]
[BlackElo "2079"]
[PlyCount "89"]
[EventDate "2020.08.22"]
[EventType "swiss"]
[EventRounds "9"]
[EventCountry "CZE"]
[SourceTitle "CBM 198 Extra"]
[Source "ChessBase"]
[SourceDate "2020.11.30"]
[SourceVersion "1"]
[SourceVersionDate "2020.11.30"]
[SourceQuality "1"]

1. e4 c5 2. Nf3 d6 3. d4 cxd4 4. Nxd4 Nf6 5. Nc3 g6 6. Be3 Bg7 7. f3 Nc6 8. Qd2 0-0 9. Bc4 Bd7 10. 0-0-0 Rc8 11. Bb3 Nxd4 12. Bxd4 b5 13. h4 a5 14. h5 a4 15. Bxf6 exf6 16. Bd5 f5 17. hxg6 hxg6 18. Ne2 fxe4 19. Bxe4 Bf5 20. Bxf5 Qf6 21. c3 Qxf5 22. Nd4 Qc5 23. a3 b4 24. axb4 Qxb4 25. Nc2 Qb3 26. Qd5 Rc4 27. Qxd6 Rb8 28. Qa3 Qb5 29. Rd3 Qg5+ 30. Kb1 Bf8 31. Qa2 Qc5 32. Kc1 Qg5+ 33. Kb1 Qxg2 34. Rhd1 Rf4 35. R1d2 Qh1+ 36. Rd1 Qg2 37. R1d2 Qg5 38. Nd4 Qa5 39. Nc6 Qb6 40. Nxb8 Qxb8 41. Rd8 Qe5 42. Qa3 Qe1+ 43. Ka2 Qe6+ 44. Kb1 Qe1+ 45. Kc2 1-0

[Event "Ricany op"]
[Site "Ricany"]
[Date "2020.08.22"]
[Round "1"]
[White "Maslo, Ondrej"]
[Black "Otruba, Marek"]
[Result "0-1"]
[WhiteElo "1834"]
[BlackElo "2079"]
[PlyCount "82"]
[EventDate "2020.08.22"]
[EventType "swiss"]
[EventRounds "9"]
[EventCountry "CZE"]
[SourceTitle "CBM 198 Extra"]
[Source "ChessBase"]
[SourceDate "2020.11.30"]
[SourceVersion "1"]
[SourceVersionDate "2020.11.30"]
[SourceQuality "1"]

1. e4 c5 2. c3 Nf6 3. e5 Nd5 4. d4 cxd4 5. cxd4 e6 6. Nf3 b6 7. Bc4 Ba6 8. Bxa6 Nxa6 9. 0-0 Nac7 10. Nc3 Nxc3 11. bxc3 Be7 12. c4 0-0 13. Bd2 d5 14. exd6 Bxd6 15. Qe2 Qd7 16. a4 Rac8 17. Rfd1 Qc6 18. Ne5 Bxe5 19. Qxe5 Qxc4 20. Qg3 Qd5 21. Rac1 Qh5 22. f3 Nd5 23. Rxc8 Rxc8 24. Re1 Qg6 25. Qd6 Qd3 26. Qd7 Rf8 27. Bg5 Qxd4+ 28. Kh1 Qb4 29. Rd1 h6 30. Bd8 a5 31. h3 Qb3 32. Rd4 b5 33. axb5 a4 34. b6 a3 35. Ra4 Nc3 36. Rxa3 Qb1+ 37. Kh2 Ne2 38. h4 Qg1+ 39. Kh3 Qh1+ 40. Kg4 Qxg2+ 41. Kh5 Nf4# 0-1

[Event "CZE-chT2C 1920"]
[Site "Czech Republic"]
[Date "2020.06.27"]
[Round "10.4"]
[White "Vrkota, Milos"]
[Black "Otruba, Marek"]
[Result "1/2-1/2"]
[WhiteElo "2042"]
[BlackElo "2044"]
[PlyCount "33"]
[EventDate "2019.10.13"]
[EventType "team-tourn"]
[EventRounds "11"]
[EventCountry "CZE"]
[SourceTitle "EXT 2024"]
[Source "ChessBase"]
[SourceDate "2023.10.10"]
[SourceVersion "1"]
[SourceVersionDate "2023.10.10"]
[SourceQuality "1"]
[WhiteTeam "Kutna Hora"]
[BlackTeam "Ricany 1925"]
[WhiteTeamCountry "CZE"]
[BlackTeamCountry "CZE"]

1. e4 c5 2. Nc3 Nc6 3. f4 g6 4. Nf3 Bg7 5. Bb5 d6 6. d3 Nf6 7. 0-0 0-0 8. Bxc6 bxc6 9. Qe1 Rb8 10. Qh4 Nd7 11. f5 Ne5 12. Bh6 f6 13. b3 Bxh6 14. Qxh6 Nf7 15. Qf4 Kg7 16. Ne2 Bd7 17. Ng3 1/2-1/2

[Event "Prague op"]
[Site "Prague"]
[Date "2020.02.14"]
[Round "1"]
[White "Kantans, Toms"]
[Black "Otruba, Marek"]
[Result "1-0"]
[WhiteElo "2499"]
[BlackElo "2088"]
[PlyCount "63"]
[EventDate "2020.02.14"]
[EventType "swiss"]
[EventRounds "9"]
[EventCountry "CZE"]
[SourceTitle "CBM 195 Extra"]
[Source "ChessBase"]
[SourceDate "2020.05.31"]
[SourceVersion "1"]
[SourceVersionDate "2020.05.31"]
[SourceQuality "1"]

1. Nf3 Nf6 2. g3 d5 3. Bg2 e6 4. 0-0 Be7 5. b3 0-0 6. Bb2 c5 7. c4 d4 8. b4 Nc6 9. b5 Na5 10. d3 Nd7 11. e3 e5 12. Nbd2 Rb8 13. Re1 b6 14. exd4 exd4 15. Nb3 Nb7 16. Bc1 Bd6 17. a4 Qc7 18. a5 Nd8 19. Ng5 Nf6 20. Nd2 Bb7 21. axb6 axb6 22. Ra7 Qc8 23. Nde4 Nxe4 24. Nxe4 Bc7 25. Qh5 Ra8 26. Rxb7 Nxb7 27. Nf6+ gxf6 28. Be4 f5 29. Qg5+ Kh8 30. Qf6+ Kg8 31. Bh6 Qe6 32. Qg7# 1-0

[Event "CZE-chT2C 1920"]
[Site "Czech Republic"]
[Date "2020.01.26"]
[Round "7.4"]
[White "Kubin, Vladimir"]
[Black "Otruba, Marek"]
[Result "1/2-1/2"]
[WhiteElo "2045"]
[BlackElo "2044"]
[PlyCount "95"]
[EventDate "2019.10.13"]
[EventType "team-tourn"]
[EventRounds "11"]
[EventCountry "CZE"]
[SourceTitle "EXT 2024"]
[Source "ChessBase"]
[SourceDate "2023.10.10"]
[SourceVersion "1"]
[SourceVersionDate "2023.10.10"]
[SourceQuality "1"]
[WhiteTeam "Mlada Boleslav"]
[BlackTeam "Ricany 1925"]
[WhiteTeamCountry "CZE"]
[BlackTeamCountry "CZE"]

1. Nf3 d5 2. d4 Nf6 3. c4 e6 4. g3 dxc4 5. Qa4+ c6 6. Qxc4 b5 7. Qc2 Bb7 8. Bg2 Nbd7 9. 0-0 c5 10. Nc3 Qb6 11. Be3 Rc8 12. dxc5 Bxc5 13. Bxc5 Nxc5 14. a4 a6 15. axb5 axb5 16. Nd4 Bxg2 17. Kxg2 0-0 18. Ndxb5 Nce4 19. Qa4 Nxc3 20. bxc3 Ne4 21. Qxe4 Qxb5 22. Rfb1 Qg5 23. c4 Rfd8 24. Ra7 Qf6 25. Rbb7 Rd4 26. Qf3 Qxf3+ 27. Kxf3 Rdxc4 28. Rxf7 Rf8 29. Rxf8+ Kxf8 30. h4 h6 31. h5 Rb4 32. e4 Rb2 33. Ke3 Rb5 34. g4 Rb3+ 35. Kf4 Rb5 36. f3 Rc5 37. Rd7 Ra5 38. Ke3 Ra3+ 39. Kf4 Ra5 40. Ke3 Ra3+ 41. Kf4 Ra5 42. e5 Ra3 43. Ke4 Ra4+ 44. Ke3 Ra3+ 45. Rd3 Ra1 46. Rd7 Ra3+ 47. Kf4 Ra4+ 48. Ke3 1/2-1/2

[Event "Prague op-A 19th"]
[Site "Prague"]
[Date "2020.01.16"]
[Round "8"]
[White "Johannsdottir, Johanna Bjorg"]
[Black "Otruba, Marek"]
[Result "0-1"]
[WhiteElo "1929"]
[BlackElo "2091"]
[PlyCount "54"]
[EventDate "2020.01.10"]
[EventType "swiss"]
[EventRounds "9"]
[EventCountry "CZE"]
[SourceTitle "CBM 195 Extra"]
[Source "ChessBase"]
[SourceDate "2020.05.31"]
[SourceVersion "1"]
[SourceVersionDate "2020.05.31"]
[SourceQuality "1"]

1. e4 c5 2. Nf3 d6 3. Bc4 Nf6 4. d3 Nc6 5. c3 g6 6. 0-0 Bg7 7. Nbd2 0-0 8. Bb3 Rb8 9. Re1 Bg4 10. h3 Bxf3 11. Qxf3 Ne5 12. Qe2 Qc7 13. f4 Nxd3 14. Bxf7+ Rxf7 15. Qxd3 c4 16. Qe2 Nd7 17. Nxc4 Nc5 18. f5 Nd3 19. Rf1 Rbf8 20. Ne3 a6 21. fxg6 Rxf1+ 22. Nxf1 b5 23. Be3 b4 24. Qxd3 bxc3 25. bxc3 Bxc3 26. Rb1 hxg6 27. Qxc3 Qxc3 0-1

[Event "Prague op-A 19th"]
[Site "Prague"]
[Date "2020.01.15"]
[Round "7"]
[White "Otruba, Marek"]
[Black "Fiser, Jiri1111"]
[Result "1-0"]
[WhiteElo "2091"]
[BlackElo "1935"]
[PlyCount "47"]
[EventDate "2020.01.10"]
[EventType "swiss"]
[EventRounds "9"]
[EventCountry "CZE"]
[SourceTitle "CBM 195 Extra"]
[Source "ChessBase"]
[SourceDate "2020.05.31"]
[SourceVersion "1"]
[SourceVersionDate "2020.05.31"]
[SourceQuality "1"]

1. e4 c5 2. Nf3 Nc6 3. d4 cxd4 4. Nxd4 e5 5. Nb5 d6 6. N5c3 a6 7. Na3 b5 8. Nd5 Be7 9. c4 b4 10. Nc2 Rb8 11. Be2 Nf6 12. Qd3 0-0 13. 0-0 a5 14. Rd1 Nxd5 15. exd5 Nd4 16. Nxd4 exd4 17. Bf4 Rb7 18. Qxd4 Bf6 19. Qd2 Re8 20. Bf3 Bf5 21. c5 dxc5 22. d6 Be4 23. Bxe4 Rxe4 24. Qd5 1-0

[Event "CZE-chT2C 1920"]
[Site "Czech Republic"]
[Date "2019.12.15"]
[Round "5.4"]
[White "Skypala, Ondrej"]
[Black "Otruba, Marek"]
[Result "0-1"]
[WhiteElo "2016"]
[BlackElo "2044"]
[PlyCount "82"]
[EventDate "2019.10.13"]
[EventType "team-tourn"]
[EventRounds "11"]
[EventCountry "CZE"]
[SourceTitle "EXT 2024"]
[Source "ChessBase"]
[SourceDate "2023.10.10"]
[SourceVersion "1"]
[SourceVersionDate "2023.10.10"]
[SourceQuality "1"]
[WhiteTeam "Kobylisy II"]
[BlackTeam "Ricany 1925"]
[WhiteTeamCountry "CZE"]
[BlackTeamCountry "CZE"]

1. c4 e6 2. g3 d5 3. b3 Nf6 4. Bg2 Be7 5. Nf3 0-0 6. 0-0 c5 7. Bb2 Nc6 8. cxd5 exd5 9. d4 Bf5 10. dxc5 Bxc5 11. e3 Nb4 12. Na3 Nd3 13. Bxf6 Qxf6 14. Nc2 h6 15. Ncd4 Bh7 16. Qe2 Rfe8 17. Nc2 d4 18. Rad1 Nb2 19. Ncxd4 Nxd1 20. Rxd1 Be4 21. Qc4 Bb6 22. Rc1 Rad8 23. h4 Bd5 24. Qc2 Be4 25. Qc4 a6 26. a4 Qd6 27. Bh3 Qd5 28. Qxd5 Bxd5 29. b4 Bxf3 30. Nxf3 Rxe3 31. a5 Ba7 32. Bg2 Rb3 33. Rc4 Rd1+ 34. Kh2 g6 35. h5 g5 36. Rc8+ Kg7 37. Rc7 Bxf2 38. g4 Be3 39. Rxb7 Bf4+ 40. Kh3 Rd2 41. Rb6 Rxf3+ 0-1

[Event "Valasska Bystrice op 11th"]
[Site "Valasska Bystrice"]
[Date "2019.09.10"]
[Round "5"]
[White "Vystrcil, Martin"]
[Black "Otruba, Marek"]
[Result "1-0"]
[WhiteElo "2106"]
[BlackElo "2133"]
[PlyCount "119"]
[EventDate "2019.09.07"]
[EventType "swiss"]
[EventRounds "9"]
[EventCountry "CZE"]
[SourceTitle "EXT 2020"]
[Source "ChessBase"]
[SourceDate "2019.10.17"]
[SourceVersion "1"]
[SourceVersionDate "2019.10.17"]
[SourceQuality "1"]

1. e4 c5 2. Nf3 d6 3. d4 cxd4 4. Nxd4 Nf6 5. Nc3 a6 6. Bd3 e5 7. Nb3 Be6 8. f4 exf4 9. Bxf4 Nc6 10. 0-0 Be7 11. Qd2 0-0 12. Rae1 Ne5 13. Nd5 Ng6 14. Nxe7+ Qxe7 15. Bg5 Bxb3 16. axb3 Qe5 17. Bxf6 gxf6 18. Rf5 Qd4+ 19. Qe3 Qxe3+ 20. Rxe3 Kg7 21. Ref3 Nh4 22. Rg3+ Ng6 23. Rgf3 Nh4 24. Rg3+ Ng6 25. h4 h5 26. Be2 Rfe8 27. Bxh5 Rxe4 28. Bg4 Rae8 29. h5 Re1+ 30. Kf2 Rc1 31. hxg6 Rxc2+ 32. Kg1 Re1+ 33. Kh2 fxg6 34. Bh5 g5 35. Rc3 Rxc3 36. bxc3 Rb1 37. b4 Rb3 38. Rf3 f5 39. Rxf5 Rxc3 40. Bf3 Kg6 41. Rd5 Rc6 42. Be4+ Kh6 43. Rd4 Rb6 44. Kg3 Kg7 45. Bf3 Kf6 46. Kg4 Kg6 47. g3 Kf6 48. Kh5 Ke5 49. Re4+ Kf5 50. g4+ Kf6 51. Rd4 d5 52. Rxd5 Rxb4 53. Rxg5 b6 54. Kh6 a5 55. Rf5+ Ke6 56. Bd5+ Kd6 57. g5 Rh4+ 58. Kg7 a4 59. g6 a3 60. Kf6 1-0

[Event "Valasska Bystrice op 11th"]
[Site "Valasska Bystrice"]
[Date "2019.09.09"]
[Round "4"]
[White "Otruba, Marek"]
[Black "Bares, Jachym"]
[Result "1/2-1/2"]
[WhiteElo "2133"]
[BlackElo "2030"]
[PlyCount "72"]
[EventDate "2019.09.07"]
[EventType "swiss"]
[EventRounds "9"]
[EventCountry "CZE"]
[SourceTitle "EXT 2020"]
[Source "ChessBase"]
[SourceDate "2019.10.17"]
[SourceVersion "1"]
[SourceVersionDate "2019.10.17"]
[SourceQuality "1"]

1. d4 c5 2. d5 g6 3. c4 b5 4. cxb5 a6 5. bxa6 Nf6 6. Nc3 Bxa6 7. e4 Bxf1 8. Kxf1 d6 9. Nf3 Bg7 10. g3 0-0 11. Kg2 Nbd7 12. a4 Ng4 13. Qc2 Qb6 14. Nb5 Ra6 15. h3 Nge5 16. Nxe5 Nxe5 17. Bd2 f5 18. Bc3 f4 19. g4 f3+ 20. Kh2 Qd8 21. Rhg1 Qc8 22. b3 Rf4 23. Rg3 Ra8 24. Rc1 Qd7 25. Na3 e6 26. Nc4 Nxc4 27. Bxg7 Kxg7 28. Qxc4 e5 29. Rc3 Rb8 30. Re3 Rb4 31. Qd3 Rd4 32. Qc2 Qf7 33. a5 Qa7 34. Rgxf3 Rxf3 35. Rxf3 Qxa5 36. Qc1 Qd2 1/2-1/2

[Event "Ricany op-A"]
[Site "Ricany"]
[Date "2019.08.31"]
[Round "9"]
[White "Kuhnmund, Ivan"]
[Black "Otruba, Marek"]
[Result "0-1"]
[WhiteElo "1631"]
[BlackElo "2133"]
[PlyCount "36"]
[EventDate "2019.08.24"]
[EventType "swiss"]
[EventRounds "9"]
[EventCountry "CZE"]
[SourceTitle "EXT 2020"]
[Source "ChessBase"]
[SourceDate "2019.10.17"]
[SourceVersion "1"]
[SourceVersionDate "2019.10.17"]
[SourceQuality "1"]

1. e4 c5 2. g3 e6 3. Bg2 d5 4. e5 Nc6 5. f4 Qc7 6. Nf3 b6 7. 0-0 Bb7 8. a4 h6 9. Na3 a6 10. c3 Be7 11. d4 0-0-0 12. Be3 c4 13. b3 Na5 14. bxc4 dxc4 15. Qe2 Bxa3 16. Rxa3 Ne7 17. Nd2 Bxg2 18. Qxg2 Nd5 0-1

[Event "Pardubice Czech op-A 30th"]
[Site "Pardubice"]
[Date "2019.07.25"]
[Round "7"]
[White "Svanda, Ondrej"]
[Black "Otruba, Marek"]
[Result "0-1"]
[WhiteElo "2234"]
[BlackElo "2041"]
[PlyCount "76"]
[EventDate "2019.07.19"]
[EventType "swiss"]
[EventRounds "9"]
[EventCountry "CZE"]
[SourceTitle "CBM 191"]
[Source "ChessBase"]
[SourceDate "2019.08.31"]
[SourceVersion "1"]
[SourceVersionDate "2019.08.31"]
[SourceQuality "1"]

1. d4 Nf6 2. Bf4 c5 3. e3 e6 4. c3 b6 5. Nf3 Bb7 6. Nbd2 d6 7. Bd3 Be7 8. h3 Nbd7 9. 0-0 0-0 10. Qe2 Re8 11. Bh2 Bf8 12. e4 cxd4 13. cxd4 Rc8 14. Rac1 Rxc1 15. Rxc1 Qb8 16. e5 Nd5 17. Nc4 Rc8 18. Rd1 dxe5 19. Ncxe5 Nxe5 20. Nxe5 Bd6 21. Bxh7+ Kxh7 22. Qh5+ Kg8 23. Qxf7+ Kh7 24. Qg6+ Kg8 25. Qxe6+ Kh7 26. h4 Qc7 27. Qg6+ Kg8 28. Bg3 Nf6 29. Re1 Rf8 30. h5 Bxe5 31. dxe5 Qc6 32. f3 Nd5 33. e6 Rf6 34. Qe4 Qc5+ 35. Bf2 Qe7 36. Bh4 Qc5+ 37. Kh1 Rf4 38. e7 Rxe4 0-1

[Event "CZE-ch"]
[Site "Ostrava"]
[Date "2019.05.02"]
[Round "6"]
[White "Riha, Vojtech"]
[Black "Otruba, Marek"]
[Result "1-0"]
[WhiteElo "2288"]
[BlackElo "2103"]
[PlyCount "113"]
[EventDate "2019.04.27"]
[EventType "swiss"]
[EventRounds "9"]
[EventCountry "CZE"]
[SourceTitle "CBM 190 Extra"]
[Source "ChessBase"]
[SourceDate "2019.07.15"]
[SourceVersion "1"]
[SourceVersionDate "2019.07.15"]
[SourceQuality "1"]

1. e4 c5 2. b4 cxb4 3. a3 d5 4. exd5 Qxd5 5. Nf3 e5 6. Bb2 Nc6 7. c4 Qd8 8. Nxe5 bxa3 9. Nxa3 Nf6 10. Be2 Bd6 11. Nxc6 bxc6 12. 0-0 0-0 13. Bf3 Rb8 14. Bc3 Bc7 15. g3 Qd3 16. Re1 Bb6 17. Bxf6 gxf6 18. Be4 Qd4 19. Qf3 Bd7 20. Nc2 Qxc4 21. Ne3 Bxe3 22. Qxe3 f5 23. Rxa7 fxe4 24. Rxd7 Qe6 25. Qg5+ Qg6 26. Qxg6+ hxg6 27. Rxe4 Rbd8 28. Ree7 Rxd7 29. Rxd7 Rc8 30. Kf1 Kg7 31. Ke2 Kf6 32. h4 Ke6 33. Ra7 f5 34. Ke3 Ke5 35. d4+ Kf6 36. Kd3 f4 37. g4 Rh8 38. Ke4 Rxh4 39. Kxf4 Rh1 40. Ra6 Rc1 41. d5 Rc4+ 42. Kf3 Kg5 43. Rxc6 Rf4+ 44. Ke3 Rxg4 45. Re6 Kf5 46. Re8 Rg1 47. Kd4 Kf6 48. Kc5 Kf7 49. Re2 Rc1+ 50. Kb6 Rd1 51. Kc6 Rc1+ 52. Kd7 Rd1 53. d6 Rc1 54. Kd8 Rd1 55. d7 Rd3 56. Rc2 Ra3 57. Kc7 1-0

[Event "CZE-ch"]
[Site "Ostrava"]
[Date "2019.04.30"]
[Round "4"]
[White "Jurek, Josef"]
[Black "Otruba, Marek"]
[Result "0-1"]
[WhiteElo "2269"]
[BlackElo "2103"]
[PlyCount "126"]
[EventDate "2019.04.27"]
[EventType "swiss"]
[EventRounds "9"]
[EventCountry "CZE"]
[SourceTitle "CBM 190 Extra"]
[Source "ChessBase"]
[SourceDate "2019.07.15"]
[SourceVersion "1"]
[SourceVersionDate "2019.07.15"]
[SourceQuality "1"]

1. Nf3 Nf6 2. c4 e6 3. g3 d5 4. b3 Be7 5. Bg2 0-0 6. 0-0 c5 7. Bb2 Nc6 8. e3 d4 9. exd4 cxd4 10. Re1 Ne8 11. a3 a5 12. Ne5 Nxe5 13. Rxe5 f6 14. Re1 e5 15. d3 Rb8 16. Nd2 Bd7 17. Qe2 Bd6 18. Ne4 Qb6 19. Nxd6 Nxd6 20. b4 Qc7 21. c5 Nb5 22. Qc2 axb4 23. Qc4+ Kh8 24. Qxb4 Bc6 25. Be4 Bxe4 26. Rxe4 b6 27. Rc1 bxc5 28. Rxc5 Qd7 29. Qa4 Rfc8 30. Rxc8+ Qxc8 31. Re1 Nc3 32. Qc2 Na4 33. Qxc8+ Rxc8 34. Bc1 Kg8 35. f4 Kf7 36. fxe5 fxe5 37. Bd2 Ke6 38. Rb1 Rc2 39. Bb4 Nb2 40. Bf8 g6 41. a4 Nxd3 42. a5 Ra2 43. Rb3 e4 44. Ra3 Rxa3 45. Bxa3 Kd5 46. a6 Kc6 47. Kf1 Kb6 48. Be7 Ne5 49. Bc5+ Kxa6 50. Bxd4 Nf3 51. Bc3 Kb5 52. h3 Kc4 53. Ba5 Kd3 54. Kf2 Nd4 55. g4 e3+ 56. Kg3 h6 57. Kf4 e2 58. Be1 Nc2 59. Bf2 e1Q 60. Bxe1 Nxe1 61. Ke5 Nf3+ 62. Kf6 g5 63. Kg6 Ke3 0-1